| 000 | 00399nam a22001697a 4500 | ||
|---|---|---|---|
| 005 | 20160623162541.0 | ||
| 008 | 160623b xxu||||| |||| 00| 0 eng d | ||
| 020 | _a81-7656-706-X | ||
| 041 | _aeng | ||
| 082 | _b9430 | ||
| 100 |
_aKanetkar, Yashavant _9176 |
||
| 245 | _aData Structures Throgh "C" | ||
| 260 |
_bBPB _c2013 |
||
| 300 | _a640 | ||
| 650 |
_aInformation Technology _9137 |
||
| 942 | _cBK | ||
| 999 |
_c3719 _d3718 |
||